| 000 | 00713nam a22001937a 4500 | ||
|---|---|---|---|
| 999 |
_c163899 _d163899 |
||
| 005 | 20190503170322.0 | ||
| 010 | _aUR-10063 | ||
| 020 |
_c500.00 _a9789386624987 |
||
| 035 | _aU-8618 | ||
| 037 | _bDBAD/PUB | ||
| 082 | _a954.13 | ||
| 100 | _aمحمد ا سما عيل فتہپو ر ی | ||
| 245 |
_aتا ر يخ فتہپو ر ی _cمحمد ا سما عيل فتہپو ر ی |
||
| 246 |
_bTareekh -e-Fatehpur(Urdu) _aby Dr.Md.Ismail Azad Fatehpuri |
||
| 260 |
_a Delhi _bEducational Publishing House _c2017ء |
||
| 270 |
_a3191،Vakil Street,Kucha Pandit,Lal Kuan, _bDelhi _e110006 _k23216162 _l00911123211540 |
||
| 300 |
_a366ص _c22 Cm.(bk) |
||
| 942 |
_2ddc _cUR _h954.13 _mم ح م |
||